000 00294nam a2200133 i 4500
001 bg
100 1 _aMAMFORD, D.
245 0 _aAbelevy mnogoobrazija /
_cD. Mamford.
260 _aMoskva,
_c1971.
040 _cBPK
041 _apol
942 _cKS
008 s pl f |000 0 pol
999 _c25454
_d25454
856 _uhttp://koha.tu.koszalin.pl/cgi-bin/koha/opac-detail.pl?biblionumber=25454
_yKatalog online BPK